000 00435nam a2200169Ia 4500
008 230524s9999 xx 000 0 und d
020 _a9789382332206
082 _a620.0015154
_bGOD
100 _aP.N. Godbole
_942908
245 0 _aIntroduction To Finite Element Method
250 _a1
260 _aNew Delhi
_bI.K.International
_c2013
300 _a"XIV,385p;"
500 _aQuantity Number: 1
650 _aCivil
942 _cBK
999 _c57876
_d57876